La vida cotidiana en la Italia de Maquiavelo

Furkejuvvon:
Bibliográfalaš dieđut
Váldodahkki: Larivaille, Paul (Dahkki)
Materiálatiipa: Girji
Giella:espánnjágiella
Almmustuhtton: Madrid Temas de hoy 1990
Ráidu:Colección historia, 6
Fáttát:
Fáddágilkorat: Lasit fáddágilkoriid
Eai fáddágilkorat, Lasit vuosttaš fáddágilkora!

MARC

LEADER 00000nam a2200000 a 4500
001 UCX2936
003 CL-VaPUC
008 910909e19900000SP |||||||||||||||||spa|d
082 0 4 |a 945.05  |b LAR  |2 21 
100 |a Larivaille, Paul  |e author  |9 470414 
245 1 3 |a La vida cotidiana en la Italia de Maquiavelo 
300 |a 303 p 
942 |c BK 
945 |d 19910909 00:00:00 
260 |a Madrid  |b Temas de hoy  |c 1990 
600 0 |a Maquiavelo, Nicolás  |d 1469-1527  |9 255701 
650 0 |a Vida social y costumbres  |9 258725 
651 0 |a Italia  |9 254949 
583 |a last modification  |c 19910909 00:00:00  |k Rodrigo Vera 
490 0 |a Colección historia, 6 
999 |c 223836  |d 223834 
952 |0 0  |1 0  |4 0  |6 945_050000000000000_LAR_1990  |7 0  |8 A  |9 220046  |a BIBHIS  |b BIBHIS  |d 2019-11-15  |i 2887193  |o 945.05 LAR 1990  |p 2887193  |r 2025-01-20  |w 2019-11-15  |y BK  |k HIS